Central Library OPAC University of Rajshahi

ব্রাক্ষণবাড়িয়ার মেয়েলি গীত / (Record no. 63216)

MARC details
000 -LEADER
fixed length control field 00916nam a2200241 a 4500
001 - CONTROL NUMBER
control field 63216
003 - CONTROL NUMBER IDENTIFIER
rucl marc code BD-RjUL
005 - DATE AND TIME OF LATEST TRANSACTION
control field 20211209081154.0
008 - FIXED-LENGTH DATA ELEMENTS--GENERAL INFORMATION
fixed length control field 170129s2003 bg ||||| |||| 00| 0 ben d
020 ## - INTERNATIONAL STANDARD BOOK NUMBER
International Standard Book Number 9840743201
Terms of availability : TK 80.00
035 ## - SYSTEM CONTROL NUMBER
System control number (BD-RjUL)63345
040 ## - CATALOGING SOURCE
Original cataloging agency BD-RjUL
Language of cataloging ben
Transcribing agency BD-RjUL
041 ## - LANGUAGE CODE
Language code of text/sound track or separate title ben
082 ## - DEWEY DECIMAL CLASSIFICATION NUMBER
Edition number 23
Classification number 782.4209144
Author mark and year MUB 2003
100 ## - MAIN ENTRY--PERSONAL NAME
Personal name মুন্নী, শহনাজ
9 (RLIN) 188160
245 10 - TITLE STATEMENT
Title ব্রাক্ষণবাড়িয়ার মেয়েলি গীত /
Statement of responsibility, etc. শাহনাজ মুন্নী
260 ## - PUBLICATION, DISTRIBUTION, ETC. (IMPRINT)
Place of publication, distribution, etc. ঢাকা :
Name of publisher, distributor, etc. বাংলা একাডেমী ',
Date of publication, distribution, etc. ২০০৩
300 ## - PHYSICAL DESCRIPTION
Pagination [১০], ৬৩ পৃ. :
Illustrations চিত্র ;
Size ২১ সেমি.
504 ## - BIBLIOGRAPHY, ETC. NOTE
Bibliography, etc গ্রন্থপঞ্জি সম্বলিত
650 ## - SUBJECT ADDED ENTRY--TOPICAL TERM
Topical term or geographic name as entry element বাংলা গীত
9 (RLIN) 186636
Topical term or geographic name as entry element Bengali Song
9 (RLIN) 188161
942 ## - ADDED ENTRY ELEMENTS (KOHA)
Source of classification or shelving scheme Dewey Decimal Classification
Koha item type Books
Holdings
Lost status Source of classification or shelving scheme Damaged status Not for loan Collection code Permanent Location Current Location Shelving location Date acquired Source of acquisition Cost, normal purchase price Total Checkouts Full call number Date last seen Copy number Koha item type
  Dewey Decimal Classification   Not For Loan Non-fiction Central Library, University of Rajshahi Central Library, University of Rajshahi Reading Room 28/07/2012 Bangla Academy, Dhaka 80.00   B 782.4209144 MUB 2003 29/01/2017 C-1 Books